000 00716cam a22002653a 4500
001 32905
003 PGUSA
005 20140828083718.0
008 100620s2010||||xxu|||||s|||||000 1 eng d
040 _aPGUSA
_beng
042 _adc
050 4 _aPS
100 1 _aErnst, Paul,
_d1899-1985
245 1 0 _aMask of Death
_h[electronic resource] /
_cPaul Ernst
260 _bProject Gutenberg,
_c2010
506 _aPublic domain in the USA.
516 _aElectronic text
653 _aMaine -- Fiction
653 _aSeaside resorts -- Fiction
653 _aTime -- Fiction
653 _aScience fiction
830 0 _aProject Gutenberg
_v32905
856 4 0 _uhttp://www.gutenberg.org/ebooks/32905
942 _cEB
999 _c262160
_d262160